00243nam a2200109Ia 4500008004100000041000800041100001700049245002900066260000900095300000800104999002100112240521s1999 xx 000 0 und d aeng aNARAYAN R.K. aWAITING FOR THE MAHATMA. c1999 a256 c1159291d1159291